| 000 | 00704nam a2200277Ia 4500 | ||
|---|---|---|---|
| 003 | OSt | ||
| 005 | 20221007101139.0 | ||
| 006 | a|||||r|||| 00| 0 | ||
| 007 | ta | ||
| 008 | 221006b |||||||| |||| 00| 0 eng d | ||
| 020 | _a8171771513 | ||
| 024 | _a5,927 | ||
| 037 | _cTextual | ||
| 040 |
_aLCO _cLCO _beng |
||
| 041 |
_2eng _aeng |
||
| 082 | _aX415qN89, P3 | ||
| 100 |
_aBhaumik _9702653 |
||
| 245 | 0 | _aIndian Railways Act, 1989 | |
| 250 | _a8th | ||
| 260 |
_aCalcutta _bEastern Book Co. India _c2003 |
||
| 300 | _a645 | ||
| 650 |
_aRAILWAY _9264351 |
||
| 700 | _a Saharay H.K. | ||
| 942 |
_hX415qN89, P3 _cTEXL |
||
| 999 |
_c1175490 _d1175490 |
||